[Event "Hebraica op 32nd"]
[Site "Hebraica"]
[Date "2024.02.02"]
[Round "1"]
[White "Correia da Silva, Gabriel Medeiros"]
[Black "Palatnic, Armando"]
[Result "1/2-1/2"]
[WhiteElo "1201"]
[BlackElo "1635"]
[PlyCount "92"]
[EventDate "2024.02.02"]
[EventType "swiss"]
[EventRounds "6"]
[EventCountry "BRA"]
[SourceTitle "CB07_2024"]
[SourceDate "2024.02.14"]
[SourceVersion "1"]
[SourceVersionDate "2024.02.14"]
[SourceQuality "1"]

1. d4 f5 2. Nf3 Nf6 3. Bf4 e6 4. e3 d5 5. c4 c6 6. a3 Be7 7. Nc3 Nbd7 8. Be2 0-0 9. c5 Ne4 10. Nxe4 fxe4 11. Ne5 Bf6 12. Nxd7 Bxd7 13. Bd6 Re8 14. Bh5 g6 15. Be2 e5 16. 0-0 exd4 17. exd4 Bf5 18. Bf4 Qd7 19. Qd2 Qe7 20. b4 Rad8 21. b5 g5 22. Bd6 Qg7 23. Rad1 h6 24. Bh5 Bg6 25. Bxg6 Qxg6 26. bxc6 bxc6 27. Qb4 Qg7 28. Bg3 Rd7 29. Qa4 Rc8 30. f3 e3 31. Rfe1 Re7 32. Rd3 h5 33. Re2 h4 34. Qa6 Ree8 35. Be5 Bxe5 36. dxe5 Qxe5 37. Rdxe3 Qd4 38. Kf1 Rf8 39. Qxa7 Rb8 40. Qe7 Rb1+ 41. Re1 Rxe1+ 42. Rxe1 Qd3+ 43. Kf2 Qd2+ 44. Re2 Qd4+ 45. Kf1 Qd1+ 46. Re1 Qd3+ 1/2-1/2

[Event "Osasco op"]
[Site "Osasco"]
[Date "2023.12.03"]
[Round "5"]
[White "Massuda, Sofia Junqueira Fra"]
[Black "Correia da Silva, Gabriel Medeiros"]
[Result "0-1"]
[WhiteElo "1758"]
[BlackElo "1207"]
[PlyCount "41"]
[EventDate "2023.12.01"]
[EventType "swiss"]
[EventRounds "6"]
[EventCountry "BRA"]
[SourceTitle "CB50_2023"]
[SourceDate "2023.12.13"]
[SourceVersion "1"]
[SourceVersionDate "2023.12.13"]
[SourceQuality "1"]

1. e4 c6 2. Nf3 d5 3. Nc3 Bg4 4. Be2 Bxf3 5. Bxf3 d4 6. Ne2 e5 7. d3 Nf6 8. 0-0 Be7 9. Bg5 h6 10. Bxf6 Bxf6 11. c3 c5 12. cxd4 cxd4 13. Rc1 Nc6 14. Qa4 0-0 15. a3 Qb6 16. b4 a6 17. Rc4 Qd8 18. b5 axb5 19. Qxb5 Rxa3 20. Qxb7 Na5 21. Rc8 0-1

[Event "Mombaca op 6th"]
[Site "Mombaca"]
[Date "2022.08.21"]
[Round "5"]
[White "Cuba, Jonathas Duarte Mei"]
[Black "Correia da Silva, Gabriel Medeiros"]
[Result "1-0"]
[WhiteElo "1747"]
[BlackElo "1215"]
[PlyCount "115"]
[EventDate "2022.08.19"]
[EventType "swiss"]
[EventRounds "6"]
[EventCountry "BRA"]
[SourceTitle "CBM 210 Extra"]
[Source "ChessBase"]
[SourceDate "2022.11.30"]
[SourceVersion "1"]
[SourceVersionDate "2022.11.30"]
[SourceQuality "1"]

1. c4 c5 2. g3 Nf6 3. Bg2 d5 4. cxd5 Nxd5 5. Nc3 Nc7 6. Nf3 Nc6 7. 0-0 e5 8. d3 Be7 9. Bd2 0-0 10. Rc1 Bd7 11. Na4 b6 12. a3 Re8 13. Qc2 Rc8 14. Nc3 Nd4 15. Qd1 Nxf3+ 16. Bxf3 Bh3 17. Re1 Ne6 18. Nd5 Bg5 19. Bxg5 Qxg5 20. e3 f5 21. b4 f4 22. Qb3 Kh8 23. bxc5 fxg3 24. hxg3 Nxc5 25. Qd1 Bf5 26. e4 Be6 27. Rc2 Rf8 28. Bg2 Qd8 29. d4 exd4 30. Qxd4 Bxd5 31. exd5 Nb3 32. Rxc8 Nxd4 33. Rxd8 Rxd8 34. Re7 Nb5 35. a4 Nc3 36. Rxa7 h6 37. Ra6 Nxd5 38. Bxd5 Rxd5 39. Rxb6 Ra5 40. Rb4 Kg8 41. Rf4 g5 42. Rb4 Kg7 43. Kg2 Kg6 44. Kf3 Ra6 45. Ke3 Kf6 46. Kd3 Ke5 47. Rb5+ Kd6 48. a5 Kc6 49. Rb6+ Rxb6 50. axb6 Kxb6 51. Ke4 h5 52. Kf5 h4 53. gxh4 gxh4 54. Kg4 Kc6 55. Kxh4 Kd6 56. Kg5 Ke7 57. Kf5 Kf8 58. Kf6 1-0

[Event "Sao Paulo Hebraica op 27th"]
[Site "Sao Paulo"]
[Date "2020.01.11"]
[Round "3"]
[White "Davidovici, Ariel Roizenblatt"]
[Black "Correia da Silva, Gabriel Medeiros"]
[Result "1/2-1/2"]
[WhiteElo "1781"]
[BlackElo "1198"]
[PlyCount "90"]
[EventDate "2020.01.10"]
[EventType "swiss"]
[EventRounds "6"]
[EventCountry "BRA"]
[SourceTitle "CBM 194 Extra"]
[Source "ChessBase"]
[SourceDate "2020.03.31"]
[SourceVersion "1"]
[SourceVersionDate "2020.03.31"]
[SourceQuality "1"]

1. d4 Nf6 2. Nf3 g6 3. c4 Bg7 4. Nc3 0-0 5. e3 d6 6. e4 Nbd7 7. Bd3 Nh5 8. 0-0 Re8 9. Bg5 c5 10. d5 Ne5 11. Nxe5 Bxe5 12. Qc1 Qc7 13. Re1 Qd7 14. Ne2 e6 15. Nf4 Nxf4 16. Bxf4 Bg7 17. Bh6 Bf6 18. Bg5 Qe7 19. Bxf6 Qxf6 20. b3 exd5 21. exd5 Bf5 22. Qd2 Bxd3 23. Qxd3 Kg7 24. Rad1 Qb2 25. Qb1 Qf6 26. Rd2 Qf5 27. h3 Qxb1 28. Rxb1 Re5 29. f3 Rae8 30. Kf2 Kf6 31. g4 Re3 32. Rbb2 h5 33. Re2 Rxe2+ 34. Rxe2 Rxe2+ 35. Kxe2 hxg4 36. hxg4 Kg5 37. Ke3 f5 38. gxf5 Kxf5 39. f4 b6 40. a3 a5 41. a4 g5 42. fxg5 Kxg5 43. Ke4 Kf6 44. Kf4 Kg6 45. Kg4 Kf6 1/2-1/2

[Event "Sao Paulo Schutt Cup"]
[Site "Sao Paulo"]
[Date "2019.09.14"]
[Round "3"]
[White "Narimatsu, Fabio Carramao"]
[Black "Correia da Silva, Gabriel Medeiros"]
[Result "1-0"]
[WhiteElo "1487"]
[BlackElo "1245"]
[PlyCount "45"]
[EventDate "2019.09.13"]
[EventType "swiss"]
[EventRounds "6"]
[EventCountry "BRA"]
[SourceTitle "EXT 2020"]
[Source "ChessBase"]
[SourceDate "2019.10.17"]
[SourceVersion "1"]
[SourceVersionDate "2019.10.17"]
[SourceQuality "1"]

1. e4 c5 2. Nf3 d6 3. Bb5+ Nd7 4. 0-0 a6 5. Bd3 Ngf6 6. c3 e6 7. Re1 Be7 8. Bc2 0-0 9. d4 b6 10. e5 dxe5 11. dxe5 Nd5 12. c4 Nc7 13. Be4 Rb8 14. Qc2 g6 15. Bh6 Re8 16. Nc3 Bb7 17. Rad1 f5 18. exf6 Bxe4 19. Nxe4 Nxf6 20. Rxd8 Rbxd8 21. Ne5 Nxe4 22. Qxe4 Rd4 23. Qf3 1-0